[Event "Mittelfranken-ch HT 61st"]
[Site "Weissenburg"]
[Date "2012.04.03"]
[Round "3"]
[White "Bader, Norbert"]
[Black "Babichev, Vyacheslav"]
[Result "1-0"]
[WhiteElo "1537"]
[BlackElo "1708"]
[PlyCount "115"]
[EventDate "2012.04.02"]
[EventType "swiss"]
[EventRounds "7"]
[EventCountry "GER"]
[SourceTitle "EXT 2015"]
[Source "ChessBase"]
[SourceDate "2014.11.20"]
[SourceVersion "1"]
[SourceVersionDate "2014.11.20"]
[SourceQuality "1"]

1. Nf3 Nf6 2. d4 g6 3. Bf4 Bg7 4. c3 0-0 5. Nbd2 d5 6. e3 Nbd7 7. Be2 c6 8. 0-0 Ne8 9. e4 f6 10. Qb3 e6 11. exd5 cxd5 12. h4 a5 13. c4 e5 14. dxe5 fxe5 15. Bg5 Qc7 16. cxd5 Kh8 17. Rac1 Qb8 18. Ne4 h6 19. Be7 Rf4 20. Qc2 Nb6 21. g3 Rf7 22. d6 Bf5 23. Nfd2 Be6 24. Rfd1 Qa7 25. Nc5 Bf5 26. Nde4 Nd7 27. Qb3 Nxc5 28. Nxc5 Rxe7 29. dxe7 b6 30. g4 Qxe7 31. gxf5 bxc5 32. Qe6 Qxh4 33. Qxg6 Nf6 34. Rc4 Ne4 35. Qg2 Qg5 36. Rxe4 Qxf5 37. Rxe5 Qf8 38. Re6 Ra7 39. Qc6 Ra8 40. Bh5 Rc8 41. Qxc8 Qxc8 42. Re8+ Qxe8 43. Bxe8 Bxb2 44. Rd7 a4 45. Rc7 a3 46. Rxc5 Kg7 47. Rf5 Bc1 48. Rf7+ Kg8 49. Ra7 Kf8 50. Bg6 Bb2 51. Kg2 Bc1 52. Kg3 Bb2 53. Kg4 Bc1 54. Kf5 Bb2 55. f4 Kg8 56. Ke6 Kf8 57. f5 Kg8 58. f6 1-0

[Event "Mittelfranken-ch QT 53rd"]
[Site "Lauf"]
[Date "2004.04.09"]
[Round "6"]
[White "Llugiq, Azem"]
[Black "Bader, Norbert"]
[Result "0-1"]
[WhiteElo "1460"]
[BlackElo "1509"]
[PlyCount "80"]
[EventDate "2004.04.07"]
[EventType "swiss"]
[EventRounds "7"]
[EventCountry "GER"]
[SourceTitle "EXT 2015"]
[Source "ChessBase"]
[SourceDate "2014.11.20"]
[SourceVersion "1"]
[SourceVersionDate "2014.11.20"]
[SourceQuality "1"]

1. d4 Nf6 2. c4 e6 3. Nc3 d6 4. e4 Be7 5. Bd3 e5 6. Nge2 c6 7. 0-0 Nbd7 8. Qc2 0-0 9. d5 Nc5 10. b4 Nxd3 11. Qxd3 a6 12. a3 Bd7 13. Bb2 Rb8 14. f4 Qb6+ 15. Kh1 Ng4 16. h3 Nf2+ 17. Rxf2 Qxf2 18. Nd1 Qf1+ 19. Kh2 Qe1 20. fxe5 Qh4 21. exd6 Bxd6+ 22. e5 Be7 23. d6 Bg5 24. c5 Bg4 25. Ne3 Bxe2 26. Qxe2 Qf4+ 27. Kh1 Qxe3 28. Qg4 Qf4 29. Qe2 Qd2 30. Qxd2 Bxd2 31. Rd1 Bg5 32. g3 g6 33. h4 Bh6 34. Re1 Bg7 35. Bc1 Rfe8 36. Bf4 Re6 37. Rd1 Bxe5 38. d7 Rd8 39. Bg5 f6 40. Bh6 Bxg3 0-1